Shakespeare on management : Leadership lessons for today's m (Record no. 15743)
[ view plain ]
| 000 -LEADER | |
|---|---|
| fixed length control field | 00418nam a2200169Ia 4500 |
| 001 - CONTROL NUMBER | |
| control field | 15220 |
| 008 - FIXED-LENGTH DATA ELEMENTS--GENERAL INFORMATION | |
| fixed length control field | 140403s9999 xx 000 0 und d |
| 020 ## - INTERNATIONAL STANDARD BOOK NUMBER | |
| International Standard Book Number | 0-7494-2845-7 |
| 040 ## - CATALOGING SOURCE | |
| Transcribing agency | PK-LaUMT |
| 082 ## - DEWEY DECIMAL CLASSIFICATION NUMBER | |
| Classification number | 658.409 |
| Item number | COR-S |
| 100 ## - MAIN ENTRY--PERSONAL NAME | |
| Personal name | Corrigan, Paul |
| 245 ## - TITLE STATEMENT | |
| Title | Shakespeare on management : Leadership lessons for today's m |
| Statement of responsibility, etc | Corrigan, Paul |
| 260 ## - PUBLICATION, DISTRIBUTION, ETC. (IMPRINT) | |
| Date of publication, distribution, etc | 1999 |
| 300 ## - PHYSICAL DESCRIPTION | |
| Extent | 244 p |
| 546 ## - LANGUAGE NOTE | |
| Language note | EN |
| 942 ## - ADDED ENTRY ELEMENTS (KOHA) | |
| Koha item type | Books |
| Withdrawn status | Lost status | Damaged status | Not for loan | Home library | Current library | Date acquired | Total Checkouts | Full call number | Barcode | Date last seen | Date checked out | Price effective from | Koha item type |
|---|---|---|---|---|---|---|---|---|---|---|---|---|---|
| UMT Main Campus | UMT Main Campus | 2014-04-03 | 1 | 658.409 COR-S | 17681 | 2023-01-11 | 2022-12-29 | 2014-04-22 | Books |
